000 00872nam a2200253Ia 4500
003 OSt
005 20220926021218.0
006 a|||||r|||| 00| 0
007 ta
008 220923b |||||||| |||| 00| 0 eng d
037 _cGeneral Book
040 _aRTL
_cRTL
_beng
041 _2eng
_aeng
082 _aX:176p1(X),N76, L7/UN
110 _aUNITED NATIONS, ECONOMIC AND SOCIAL AFFAIRS(Deptt. of).
_9326013
245 0 _aPolicies and techniques for mobilizing personal svings in developing countries.
260 _aNew York
_bUN
_c1977
300 _aiv, 41p
_ccm.
490 _aUnited Nations,l economic and social affairs (Deptt of-) Publication
650 _aSaving Economics
700 _aUNITED NATIONS, ECONOMIC AND SOCIAL AFFAIRS(Deptt. of).
_9326014
942 _hX:176p1(X),N76, L7/UN
_cGB
_2CC
999 _c636188
_d636188